000 00686nam a2200289Ia 4500
005 20260324125808.0
008 008 260324s9999 xx 000 0 eng d
020 _a9781315040776
037 _aEBOOK
040 _aCRL
040 _beng
040 _cCRL
041 _2eng
041 _aeng
084 _qCRL
100 _aMalcolm Dowden
_91179353
245 0 _aClimate Change and Sustainable Development
245 0 _bLaw, Policy and Practice
260 _bTaylor and Francis
260 _c2008
365 _a
365 _b305
856 _uhttp://www.taylorfrancis.com/books/9781315040776
942 _cEBOOK
999 _c1774918
_d1774918